<?xml version="1.0" encoding="UTF-8"?>
<record
    xmlns:xsi="http://www.w3.org/2001/XMLSchema-instance"
    xsi:schemaLocation="http://www.loc.gov/MARC21/slim http://www.loc.gov/standards/marcxml/schema/MARC21slim.xsd"
    xmlns="http://www.loc.gov/MARC21/slim">

  <leader>01430nam2a2200229   4500</leader>
  <controlfield tag="001">rc\2654788</controlfield>
  <controlfield tag="005">20260315043336.0</controlfield>
  <datafield tag="035" ind1=" " ind2=" ">
    <subfield code="a">(NLR Aleph) 006962103</subfield>
  </datafield>
  <datafield tag="090" ind1=" " ind2=" ">
    <subfield code="a">13564370</subfield>
    <subfield code="c">13564370</subfield>
  </datafield>
  <datafield tag="100" ind1=" " ind2=" ">
    <subfield code="a">20110614d1931    u  y0rusy50      ca</subfield>
  </datafield>
  <datafield tag="101" ind1="0" ind2=" ">
    <subfield code="a">rus</subfield>
  </datafield>
  <datafield tag="102" ind1=" " ind2=" ">
    <subfield code="a">RU</subfield>
  </datafield>
  <datafield tag="105" ind1=" " ind2=" ">
    <subfield code="a">y   z   |||||</subfield>
  </datafield>
  <datafield tag="200" ind1="1" ind2=" ">
    <subfield code="a">&#x41C;&#x43D;&#x43E;&#x433;&#x43E;&#x441;&#x43A;&#x43E;&#x440;&#x43E;&#x441;&#x442;&#x43D;&#x44B;&#x435; &#x430;&#x441;&#x438;&#x43D;&#x445;&#x440;&#x43E;&#x43D;&#x43D;&#x44B;&#x435; &#x43C;&#x43E;&#x442;&#x43E;&#x440;&#x44B; &#x43A;&#x430;&#x43A; &#x43F;&#x440;&#x438;&#x432;&#x43E;&#x434; &#x440;&#x443;&#x434;&#x43D;&#x438;&#x447;&#x43D;&#x44B;&#x445; &#x443;&#x441;&#x442;&#x430;&#x43D;&#x43E;&#x432;&#x43E;&#x43A;</subfield>
    <subfield code="e">(&#x41C;&#x43E;&#x442;&#x43E;&#x440;&#x44B; &#x441; &#x43F;&#x435;&#x440;&#x435;&#x43A;&#x43B;&#x44E;&#x447;&#x435;&#x43D;&#x438;&#x435;&#x43C; &#x43F;&#x43E;&#x43B;&#x44E;&#x441;&#x43E;&#x432;)</subfield>
  </datafield>
  <datafield tag="210" ind1=" " ind2=" ">
    <subfield code="d">1931</subfield>
  </datafield>
  <datafield tag="461" ind1=" " ind2="0">
    <subfield code="1">001rc\2654787</subfield>
    <subfield code="1">2001#$a&#x88;[&#x89;&#x41B;&#x435;&#x43A;&#x446;&#x438;&#x438;]$e&#x41B;&#x435;&#x43A;&#x446;&#x438;&#x438; 1, 5-6$f&#x422;&#x43E;&#x43C;&#x441;&#x43A;. &#x440;&#x430;&#x434;&#x438;&#x43E;&#x446;&#x435;&#x43D;&#x442;&#x440;. &#x420;&#x430;&#x431;. &#x443;&#x43D;-&#x442; &#x43F;&#x43E; &#x440;&#x430;&#x434;&#x438;&#x43E;. &#x41A;&#x443;&#x440;&#x441;&#x44B; &#x43F;&#x43E; &#x43F;&#x43E;&#x432;&#x44B;&#x448;&#x435;&#x43D;&#x438;&#x44E; &#x43A;&#x432;&#x430;&#x43B;&#x438;&#x444;&#x438;&#x43A;&#x430;&#x446;&#x438;&#x438; &#x443;&#x433;&#x43E;&#x43B;&#x44C;&#x43D;&#x43E;&#x439; &#x43F;&#x440;&#x43E;&#x43C;&#x44B;&#x448;&#x43B;&#x435;&#x43D;&#x43D;&#x43E;&#x441;&#x442;&#x438;$v&#x41B;&#x435;&#x43A;&#x446;&#x438;&#x44F; 1</subfield>
    <subfield code="9">5354730</subfield>
    <subfield code="a">&#x41A;&#x443;&#x440;&#x441;&#x44B; &#x43F;&#x43E; &#x43F;&#x43E;&#x432;&#x44B;&#x448;&#x435;&#x43D;&#x438;&#x44E; &#x43A;&#x432;&#x430;&#x43B;&#x438;&#x444;&#x438;&#x43A;&#x430;&#x446;&#x438;&#x438; &#x430;&#x434;&#x43C;&#x438;&#x43D;&#x438;&#x441;&#x442;&#x440;&#x430;&#x442;&#x438;&#x432;&#x43D;&#x43E;- &#x438; &#x438;&#x43D;&#x436;&#x435;&#x43D;&#x435;&#x440;&#x43D;&#x43E;-&#x442;&#x435;&#x445;&#x43D;&#x438;&#x447;&#x435;&#x441;&#x43A;&#x43E;&#x433;&#x43E; &#x43F;&#x435;&#x440;&#x441;&#x43E;&#x43D;&#x430;&#x43B;&#x430; &#x443;&#x433;&#x43E;&#x43B;&#x44C;&#x43D;&#x43E;&#x439; &#x43F;&#x440;&#x43E;&#x43C;&#x44B;&#x448;&#x43B;&#x435;&#x43D;&#x43D;&#x43E;&#x441;&#x442;&#x438; (&#x422;&#x43E;&#x43C;&#x441;&#x43A;)</subfield>
    <subfield code="c">&#x422;&#x43E;&#x43C;&#x441;&#x43A;</subfield>
    <subfield code="d">1931</subfield>
    <subfield code="f">&#x422;&#x43E;&#x43C;&#x441;&#x43A;. &#x440;&#x430;&#x434;&#x438;&#x43E;&#x446;&#x435;&#x43D;&#x442;&#x440;. &#x420;&#x430;&#x431;. &#x443;&#x43D;-&#x442; &#x43F;&#x43E; &#x440;&#x430;&#x434;&#x438;&#x43E;. &#x41A;&#x443;&#x440;&#x441;&#x44B; &#x43F;&#x43E; &#x43F;&#x43E;&#x432;&#x44B;&#x448;&#x435;&#x43D;&#x438;&#x44E; &#x43A;&#x432;&#x430;&#x43B;&#x438;&#x444;&#x438;&#x43A;&#x430;&#x446;&#x438;&#x438; &#x443;&#x433;&#x43E;&#x43B;&#x44C;&#x43D;&#x43E;&#x439; &#x43F;&#x440;&#x43E;&#x43C;&#x44B;&#x448;&#x43B;&#x435;&#x43D;&#x43D;&#x43E;&#x441;&#x442;&#x438;</subfield>
    <subfield code="n">&#x411;. &#x438;.</subfield>
    <subfield code="o">&#x41B;&#x435;&#x43A;&#x446;&#x438;&#x438; 1, 5-6</subfield>
    <subfield code="t">&#x88;[&#x89;&#x41B;&#x435;&#x43A;&#x446;&#x438;&#x438;]</subfield>
    <subfield code="v">&#x41B;&#x435;&#x43A;&#x446;&#x438;&#x44F; 1</subfield>
  </datafield>
  <datafield tag="700" ind1=" " ind2="1">
    <subfield code="a">&#x411;&#x440;&#x435;&#x434;&#x438;&#x445;&#x438;&#x43D;</subfield>
    <subfield code="b">&#x410;.&#x41D;.</subfield>
  </datafield>
  <datafield tag="801" ind1=" " ind2="0">
    <subfield code="a">RU</subfield>
    <subfield code="b">NLR</subfield>
    <subfield code="g">psbo</subfield>
  </datafield>
  <datafield tag="801" ind1=" " ind2="1">
    <subfield code="a">RU</subfield>
    <subfield code="b">ELAR</subfield>
    <subfield code="2">rusmarc</subfield>
  </datafield>
  <datafield tag="852" ind1=" " ind2=" ">
    <subfield code="a">NLR</subfield>
    <subfield code="j">32-17/177</subfield>
  </datafield>
  <datafield tag="942" ind1=" " ind2=" ">
    <subfield code="c">UNSPEC</subfield>
  </datafield>
  <datafield tag="980" ind1=" " ind2=" ">
    <subfield code="a">NB</subfield>
  </datafield>
</record>
